¿Los mejores perfumes vienen en envases pequeños?: (Record no. 181208)
[ view plain ]
| 000 -CABECERA | |
|---|---|
| campo de control de longitud fija | 01913nab a2200325 a 4500 |
| 005 - FECHA Y HORA DE LA ÚLTIMA TRANSACCIÓN | |
| campo de control | 20210219162708.0 |
| 008 - ELEMENTOS DE LONGITUD FIJA--INFORMACIÓN GENERAL | |
| campo de control de longitud fija | 991125s1985 mx 000 0 spa u |
| 035 ## - NÚMERO DE CONTROL DEL SISTEMA | |
| Número de control de sistema | UPN01000209107 |
| 049 ## - COLECCIÓN | |
| Colección | ART-E |
| 100 1# - ASIENTO PRINCIPAL--NOMBRE PERSONAL | |
| Nombre de persona | Barrera, Madeleine |
| 100 1# - ASIENTO PRINCIPAL--NOMBRE PERSONAL | |
| Nombre de persona | Chaux, Enrique |
| 100 1# - ASIENTO PRINCIPAL--NOMBRE PERSONAL | |
| Nombre de persona | Trijillo, Daniela |
| 222 #0 - TÍTULO CLAVE | |
| Título clave | REVISTA COLOMBIANA DE PSICOLOGIA |
| 245 01 - MENCIÓN DE TÍTULO | |
| Título | ¿Los mejores perfumes vienen en envases pequeños?: |
| Resto del título | potencial de las intervenciones breves en el contexto educativo |
| 260 ## - PUBLICACIÓN, DISTRIBUCIÓN, ETC. | |
| Lugar de publicación, distribución, etc. | Bogotá, Colombia |
| 300 ## - DESCRIPCIÓN FÍSICA | |
| Extensión | 285-300 |
| 362 0# - FECHAS DE PUBLICACIÓN Y/O DESIGNACIÓN SECUENCIAL | |
| Fecha de publicación y/o designación secuencial | 2015, Vol. 24, no. 2 (jul.-dic.) |
| 336 ## - TIPO DE CONTENIDO | |
| Término de tipo de contenido | texto$2rdacontent |
| 337 ## - TIPO DE MEDIO | |
| Nombre/término del tipo de medio | computadora$2rdamedia |
| 338 ## - TIPO DE SOPORTE | |
| Nombre/término del tipo de soporte | recurso en linea$2rdacarrier |
| 520 3# - NOTA DE RESUMEN, ETC. | |
| Sumario, etc. | Recientemente se han desarrollado intervenciones escolares breves basadas en teorías motivacionales y de psicología social. Estas intervenciones, algunas de solamente 15 minutos, han obtenido resultados positivos a largo plazo sobre dominios como el desempeño académico y la convivencia escolar. Este artículo hace una revisión de sus objetivos, características, fundamentos teóricos, evaluaciones y condiciones necesarias para su diseño e implementación. En general, el objetivo de estas intervenciones breves es transformar creencias, pensamientos o sentimientos de un segmento particular de la población estudiantil, considerado en riesgo. Además, buscan romper círculos viciosos al intervenir en momentos específicos de procesos recursivos. Finalmente, esta revisión analiza sus alcances, implicaciones y limitaciones, y sugiere futuras investigaciones. |
| 653 0# - TERMINO DE INDIZACION - NO CONTROLADO | |
| Término no controlado | INTERVENCION PSICOPEDAGOGICA |
| 653 0# - TERMINO DE INDIZACION - NO CONTROLADO | |
| Término no controlado | TERAPIA BREVE |
| 653 0# - TERMINO DE INDIZACION - NO CONTROLADO | |
| Término no controlado | DESEMPEÑO ACADEMICO |
| 653 0# - TERMINO DE INDIZACION - NO CONTROLADO | |
| Término no controlado | MOTIVACION |
| 653 0# - TERMINO DE INDIZACION - NO CONTROLADO | |
| Término no controlado | CONTEXTO EDUCATIVO |
| 856 4# - LOCALIZACIÓN Y ACCESO ELECTRÓNICOS | |
| Identificador Uniforme del Recurso | <a href="http://www.revistas.unal.edu.co/index.php/psicologia/article/view/43348/52947">http://www.revistas.unal.edu.co/index.php/psicologia/article/view/43348/52947</a> |
| 905 ## - TIPO DE MATERIAL | |
| Tipo de material | Articulo |
No items available.
